Statistics for Top XIs: Juventus FC (1972-2023)

Click here to take the quiz!

General Stats

  • This quiz has been taken 305 times
  • The average score is 217 of 500

Answer Stats

HintPositionAnswer% Correct
2010/2011DFGiorgio Chiellini
96%
2006/2007DFGiorgio Chiellini
96%
2016/2017DFGiorgio Chiellini
96%
2013/2014DFGiorgio Chiellini
96%
2009/2010DFGiorgio Chiellini
96%
2015/2016DFGiorgio Chiellini
96%
2008/2009DFGiorgio Chiellini
96%
2017/2018DFGiorgio Chiellini
96%
2011/2012DFGiorgio Chiellini
96%
2014/2015DFGiorgio Chiellini
96%
2018/2019DFGiorgio Chiellini
96%
2007/2008DFGiorgio Chiellini
96%
2013/2014 ELDFGiorgio Chiellini
96%
2014/2015DFLeonardo Bonucci
94%
2020/2021DFLeonardo Bonucci
94%
2013/2014DFLeonardo Bonucci
94%
2019/2020DFLeonardo Bonucci
94%
2018/2019DFLeonardo Bonucci
94%
2015/2016DFLeonardo Bonucci
94%
2010/2011DFLeonardo Bonucci
94%
2011/2012DFLeonardo Bonucci
94%
2016/2017DFLeonardo Bonucci
94%
2021/2022DFLeonardo Bonucci
94%
2022/23 UCLDFLeonardo Bonucci
94%
2012/2013DFLeonardo Bonucci
94%
2022/2023DFLeonardo Bonucci
94%
2013/2014 ELDFLeonardo Bonucci
94%
2020/2021 UCLDFLeonardo Bonucci
94%
2020/2021STCristiano Ronaldo
91%
2018/2019STCristiano Ronaldo
91%
2019/2020STCristiano Ronaldo
91%
2020/2021 UCLSTCristiano Ronaldo
91%
2007/2008STAlessandro Del Piero
88%
1995/1996STAlessandro Del Piero
88%
2001/2002STAlessandro Del Piero
88%
2008/2009STAlessandro Del Piero
88%
2002/2003STAlessandro Del Piero
88%
2000/2001STAlessandro Del Piero
88%
1997/1998STAlessandro Del Piero
88%
1999/2000STAlessandro Del Piero
88%
2004/2005STAlessandro Del Piero
88%
1999/2000 UCSTAlessandro Del Piero
88%
2006/2007STAlessandro Del Piero
88%
2010/2011STAlessandro Del Piero
88%
2011/2012MFAndrea Pirlo
86%
2012/2013MFAndrea Pirlo
86%
2013/2014 ELMFAndrea Pirlo
86%
2013/2014MFAndrea Pirlo
86%
2015/2016STPaulo Dybala
85%
2021/2022STPaulo Dybala
85%
2019/2020STPaulo Dybala
85%
2018/2019STPaulo Dybala
85%
2016/2017STPaulo Dybala
85%
2017/2018STPaulo Dybala
85%
2017/2018STGonzalo Higuaín
83%
2016/2017STGonzalo Higuaín
83%
2015/2016MFPaul Pogba
83%
2013/2014MFPaul Pogba
83%
2013/2014 ELMFPaul Pogba
83%
2014/2015MFPaul Pogba
83%
2001/2002STDavid Trézéguet
78%
2005/2006STDavid Trézéguet
78%
2007/2008STDavid Trézéguet
78%
2006/2007STDavid Trézéguet
78%
2022/2023STDušan Vlahović
78%
2022/23 UCLSTDušan Vlahović
78%
1990/1991DFMarco De Marchi
78%
2011/2012DFAndrea Barzagli
77%
2017/2018DFAndrea Barzagli
77%
2015/2016DFAndrea Barzagli
77%
2012/2013DFAndrea Barzagli
77%
2020/2021STFederico Chiesa
77%
2020/2021 UCLSTFederico Chiesa
77%
2000/2001MFZinedine Zidane
76%
1999/2000MFZinedine Zidane
76%
1998/1999MFZinedine Zidane
76%
1997/1998MFZinédine Zidane
76%
1996/1997MFZinédine Zidane
76%
2010/2011MFClaudio Marchisio
75%
2011/2012MFClaudio Marchisio
75%
2008/2009MFClaudio Marchisio
75%
2009/2010MFClaudio Marchisio
75%
2013/2014MFClaudio Marchisio
75%
2012/2013MFClaudio Marchisio
75%
2014/2015MFClaudio Marchisio
75%
2019/2020DFAlex Sandro
74%
2018/2019DFAlex Sandro
74%
2020/2021 UCLDFAlex Sandro
74%
2017/2018DFAlex Sandro
74%
2016/2017DFAlex Sandro
74%
2021/2022DFAlex Sandro
74%
2004/2005DFFabio Cannavaro
72%
2009/2010DFFabio Cannavaro
72%
2005/2006DFFabio Cannavaro
72%
2020/2021 UCLSTÁlvaro Morata
71%
2021/2022STÁlvaro Morata
71%
2015/2016STÁlvaro Morata
71%
2013/2014 ELSTCarlos Tévez
71%
2014/2015STCarlos Tévez
71%
2013/2014STCarlos Tévez
71%
2022/23 UCLMFAdrien Rabiot
70%
2021/2022MFAdrien Rabiot
70%
2020/2021MFAdrien Rabiot
70%
2020/2021DFJuan Cuadrado
70%
2022/23 UCLDFJuan Cuadrado
70%
2020/2021 UCLMFJuan Cuadrado
70%
2022/2023MFJuan Cuadrado
70%
2021/2022MFJuan Cuadrado
70%
2016/2017MFJuan Cuadrado
70%
2019/2020DFJuan Cuadrado
70%
1990/1991STRoberto Baggio
70%
1994/1995STRoberto Baggio
70%
1991/1992STRoberto Baggio
70%
1993/1994STRoberto Baggio
70%
1992/1993STRoberto Baggio
70%
2001/2002MFPavel Nedvěd
69%
2002/2003MFPavel Nedvěd
69%
2005/2006MFPavel Nedvěd
69%
2006/2007MFPavel Nedvěd
69%
2008/2009MFPavel Nedvěd
69%
2004/2005MFPavel Nedvěd
69%
2003/2004 UCLMFPavel Nedvěd
69%
2007/2008MFPavel Nedvěd
69%
2016/2017STMario Mandžukić
68%
2018/2019STMario Mandžukić
68%
2004/2005STZlatan Ibrahimović
68%
2005/2006STZlatan Ibrahimović
68%
2017/2018MFBlaise Matuidi
66%
2018/2019MFBlaise Matuidi
66%
2019/2020MFBlaise Matuidi
66%
1999/2000STFilippo Inzaghi
65%
2000/2001STFilippo Inzaghi
65%
1997/1998STFilippo Inzaghi
65%
1998/1999STFilippo Inzaghi
65%
2014/2015MFArturo Vidal
64%
2013/2014MFArturo Vidal
64%
2011/2012MFArturo Vidal
64%
2012/2013MFArturo Vidal
64%
2013/2014 ELMFArturo Vidal
64%
2005/2006DFGianluca Zambrotta
64%
2003/2004 UCLDFGianluca Zambrotta
64%
2004/2005DFGianluca Zambrotta
64%
2001/2002MFGianluca Zambrotta
64%
2000/2001DFGianluca Zambrotta
64%
2002/2003DFGianluca Zambrotta
64%
1999/2000DFGianluca Zambrotta
64%
2020/2021DFMatthijs de Ligt
63%
2019/2020DFMatthijs de Ligt
63%
2021/2022DFMatthijs de Ligt
63%
1983/1984MFMichel Platini
63%
1986/1987MFMichel Platini
63%
1982/1983MFMichel Platini
63%
1984/1985MFMichel Platini
63%
1985/1986MFMichel Platini
63%
2005/2006DFLilian Thuram
62%
2004/2005DFLilian Thuram
62%
2003/2004 UCLDFLilian Thuram
62%
2002/2003DFLilian Thuram
62%
2001/2002DFLilian Thuram
62%
2020/2021DFDanilo
61%
2021/2022DFDanilo
61%
2022/23 UCLDFDanilo
61%
2020/2021 UCLDFDanilo
61%
2022/2023DFDanilo
61%
1984/1985ST
Paolo Rossi
61%
1983/1984STPaolo Rossi
61%
1982/1983STPaolo Rossi
61%
2015/2016DFPatrice Evra
60%
2014/2015DFPatrice Evra
60%
2013/2014DFStephan Lichtsteiner
60%
2012/2013DFStephan Lichtsteiner
60%
2015/2016DFStephan Lichtsteiner
60%
2011/2012DFStephan Lichtsteiner
60%
2014/2015DFStephan Lichtsteiner
60%
2016/2017MFMiralem Pjanić
58%
2019/2020MFMiralem Pjanić
58%
2017/2018MFMiralem Pjanić
58%
2018/2019MFMiralem Pjanić
58%
1999/2000 UCMFEdgar Davids
57%
2000/2001MFEdgar Davids
57%
2001/2002MFEdgar Davids
57%
1999/2000MFEdgar Davids
57%
2002/2003MFEdgar Davids
57%
1998/1999MFEdgar Davids
57%
2016/2017MFSami Khedira
56%
2017/2018MFSami Khedira
56%
2020/2021MFWeston McKennie
55%
2022/23 UCLMFWeston McKennie
55%
2022/2023MFWeston McKennie
55%
1999/2000MFAntonio Conte
54%
1992/1993MFAntonio Conte
54%
1997/1998MFAntonio Conte
54%
1998/1999MFAntonio Conte
54%
1995/1996MFAntonio Conte
54%
2000/2001MFAntonio Conte
54%
1993/1994MFAntonio Conte
54%
1996/1997STChristian Vieri
53%
1996/1997MFDidier Deschamps
53%
1994/1995MFDidier Deschamps
53%
1997/1998MFDidier Deschamps
53%
1998/1999MFDidier Deschamps
53%
1995/1996MFDidier Deschamps
53%
2022/2023MFManuel Locatelli
52%
2021/2022MFManuel Locatelli
52%
2022/23 UCLDFBremer
50%
2022/2023DFBremer
50%
2016/2017DFDani Alves
50%
2014/2015STFernando Llorente
50%
2013/2014STFernando Llorente
50%
1992/1993STGianluca Vialli
50%
1995/1996STGianluca Vialli
50%
1994/1995STGianluca Vialli
50%
2022/2023DFMattia De Sciglio
50%
2006/2007MFMauro Camoranesi
49%
2002/2003MFMauro Camoranesi
49%
2005/2006MFMauro Camoranesi
49%
2004/2005MFMauro Camoranesi
49%
2018/2019DFJoão Cancelo
48%
2005/2006MFPatrick Vieira
48%
2017/2018STDouglas Costa
47%
2021/2022STFederico Bernardeschi
46%
2019/2020STFederico Bernardeschi
46%
2019/2020MFRodrigo Bentancur
46%
2020/2021MFRodrigo Bentancur
46%
2020/2021 UCLMFRodrigo Bentancur
46%
2022/23 UCLSTArkadiusz Milik
45%
2022/2023STArkadiusz Milik
45%
2013/2014DFKwadwo Asamoah
45%
2012/2013DFKwadwo Asamoah
45%
2013/2014 ELDFKwadwo Asamoah
45%
2012/2013STFabio Quagliarella
44%
1994/1995DFCiro Ferrara
41%
2001/2002DFCiro Ferrara
41%
1995/1996DFCiro Ferrara
41%
2002/2003DFCiro Ferrara
41%
1999/2000DFCiro Ferrara
41%
1996/1997DFCiro Ferrara
41%
1995/1996STFabrizio Ravanelli
41%
1993/1994STFabrizio Ravanelli
41%
1994/1995STFabrizio Ravanelli
41%
2012/2013STSebastian Giovinco
41%
2011/2012STAlessandro Matri
39%
2010/2011MFFelipe Melo
39%
2009/2010MFFelipe Melo
39%
2022/2023MFFilip Kostić
39%
2022/23 UCLMFFilip Kostić
39%
1997/1998DFPaolo Montero
39%
1996/1997DFPaolo Montero
39%
2002/2003DFPaolo Montero
39%
1999/2000 UCDFPaolo Montero
39%
2003/2004 UCLDFPaolo Montero
39%
1998/1999DFPaolo Montero
39%
1981/1982DFGaetano Scirea
37%
1979/1980DFGaetano Scirea
37%
1984/1985DFGaetano Scirea
37%
1983/1984DFGaetano Scirea
37%
1986/1987DFGaetano Scirea
37%
1978/1979DFGaetano Scirea
37%
1985/1986DFGaetano Scirea
37%
1982/1983DFGaetano Scirea
37%
1980/1981DFGaetano Scirea
37%
2001/2002DFGianluca Pessotto
37%
1995/1996DFGianluca Pessotto
37%
2000/2001DFGianluca Pessotto
37%
1999/2000DFGianluca Pessotto
37%
2012/2013STMirko Vučinić
37%
2011/2012STMirko Vučinić
37%
2020/2021 UCLMF
Aaron Ramsey
35%
2005/2006MFÉmerson
35%
2004/2005MFÉmerson
35%
2009/2010STAmauri
33%
2008/2009STAmauri
33%
2020/2021MFDejan Kulusevski
33%
1993/1994MFAngelo Di Livio
32%
1994/1995MFAngelo Di Livio
32%
1997/1998MFAngelo Di Livio
32%
1998/1999MFAngelo Di Livio
32%
1996/1997MFAngelo Di Livio
32%
2010/2011DFFabio Grosso
32%
2009/2010DFFabio Grosso
32%
2011/2012MFSimone Pepe
32%
2010/2011MFSimone Pepe
32%
2009/2010STVincenzo Iaquinta
32%
1999/2000 UCDFIgor Tudor
31%
1998/1999DFIgor Tudor
31%
2000/2001DFIgor Tudor
31%
1999/2000MFAlessio Tacchinardi
30%
2003/2004 UCLMFAlessio Tacchinardi
30%
1999/2000 UCMFAlessio Tacchinardi
30%
2000/2001MFAlessio Tacchinardi
30%
2001/2002MFAlessio Tacchinardi
30%
2002/2003MFAlessio Tacchinardi
30%
2009/2010MFDiego
30%
1980/1981MFMarco Tardelli
30%
1982/1983MFMarco Tardelli
30%
1978/1979MFMarco Tardelli
30%
1981/1982MFMarco Tardelli
30%
1983/1984MFMarco Tardelli
30%
1984/1985MFMarco Tardelli
30%
2017/2018DFMedhi Benatia
30%
1989/1990STSalvatore Schillaci
30%
1991/1992STSalvatore Schillaci
30%
1990/1991STSalvatore Schillaci
30%
1979/1980DFClaudio Gentile
29%
1983/1984DFClaudio Gentile
29%
1980/1981DFClaudio Gentile
29%
1981/1982DFClaudio Gentile
29%
1982/1983DFClaudio Gentile
29%
1978/1979DFClaudio Gentile
29%
1983/1984MFZbigniew Boniek
29%
1982/1983MFZbigniew Boniek
29%
1984/1985MFZbigniew Boniek
29%
1984/1985DFAntonio Cabrini
28%
1980/1981DFAntonio Cabrini
28%
1985/1986DFAntonio Cabrini
28%
1981/1982DFAntonio Cabrini
28%
1979/1980DFAntonio Cabrini
28%
1987/1988DFAntonio Cabrini
28%
1978/1979DFAntonio Cabrini
28%
1983/1984DFAntonio Cabrini
28%
1982/1983DFAntonio Cabrini
28%
2000/2001DFMark Iuliano
28%
1999/2000DFMark Iuliano
28%
1997/1998DFMark Iuliano
28%
2001/2002DFMark Iuliano
28%
2004/2005DFJonathan Zebina
27%
2022/23 UCLMFLeandro Paredes
26%
2008/2009MFMohamed Sissoko
26%
1992/1993DFMoreno Torricelli
26%
1993/1994DFMoreno Torricelli
26%
1994/1995DFMoreno Torricelli
26%
1995/1996DFMoreno Torricelli
26%
2002/2003STMarco Di Vaio
25%
2003/2004 UCLSTMarco Di Vaio
25%
1978/1979STRoberto Bettega
25%
1980/1981STRoberto Bettega
25%
1982/1983STRoberto Bettega
25%
1979/1980STRoberto Bettega
25%
1998/1999DFAlessandro Birindelli
24%
1997/1998DFAlessandro Birindelli
24%
2006/2007DFAlessandro Birindelli
24%
1999/2000 UCDFAlessandro Birindelli
24%
1988/1989STAlessandro Altobelli
23%
1985/1986MFMichael Laudrup
23%
1987/1988MFMichael Laudrup
23%
1988/1989MFMichael Laudrup
23%
1986/1987MFMichael Laudrup
23%
2008/2009DFNicola Legrottaglie
23%
2003/2004 UCLDFNicola Legrottaglie
23%
2007/2008DFNicola Legrottaglie
23%
1996/1997STAlen Bokšić
22%
2013/2014 ELDFMartín Cáceres
22%
2009/2010DFPaolo De Ceglie
22%
1995/1996MFPaulo Sousa
22%
1994/1995MFPaulo Sousa
22%
2010/2011MFAlberto Aquilani
21%
2006/2007MFCristiano Zanetti
21%
2007/2008MFCristiano Zanetti
21%
1977/1978DFFabio Capello
21%
2006/2007DFJean-Alain Boumsong
21%
1979/1980MFFranco Causio
20%
1978/1979MFFranco Causio
20%
2010/2011MFMiloš Krasić
20%
1996/1997MFVladimir Jugović
20%
2007/2008DFZdeněk Grygera
20%
2008/2009DFZdeněk Grygera
20%
1986/1987STAldo Serena
19%
1985/1986STAldo Serena
19%
2009/2010MFChristian Poulsen
19%
2020/2021 UCLDF
Merih Demiral
19%
1991/1992DFJürgen Kohler
19%
1992/1993DFJürgen Kohler
19%
1993/1994DFJürgen Kohler
19%
1995/1996DFPietro Vierchowod
19%
2014/2015MFRoberto Pereyra
19%
2015/2016MF
Stefano Sturaro
17%
2007/2008MFHasan Salihamidžić
17%
2010/2011DFMarco Motta
17%
1981/1982DFSergio Brio
17%
1983/1984DFSergio Brio
17%
1987/1988DFSergio Brio
17%
1984/1985DFSergio Brio
17%
1982/1983DFSergio Brio
17%
1985/1986DFSergio Brio
17%
1986/1987DFSergio Brio
17%
2003/2004 UCLSTFabrizio Miccoli
16%
1989/1990STPierluigi Casiraghi
16%
1991/1992STPierluigi Casiraghi
16%
1990/1991STPierluigi Casiraghi
16%
1992/1993MFAndreas Möller
14%
1993/1994MFAndreas Möller
14%
2007/2008DFCristian Molinaro
14%
2008/2009DFCristian Molinaro
14%
2013/2014 ELDF
Mauricio Isla
14%
1987/1988STIan Rush
14%
1982/1983MFMassimo Bonini
14%
1986/1987MFMassimo Bonini
14%
1985/1986MFMassimo Bonini
14%
1983/1984MFMassimo Bonini
14%
1987/1988MFMassimo Bonini
14%
1984/1985MFMassimo Bonini
14%
2008/2009DFOlof Mellberg
14%
1977/1978STRoberto Boninsegna
14%
1989/1990MFGiancarlo Marocchi
13%
1991/1992MFGiancarlo Marocchi
13%
1990/1991MFGiancarlo Marocchi
13%
1988/1989MFGiancarlo Marocchi
13%
1991/1992DFJúlio César
13%
1990/1991DFJúlio César
13%
1992/1993DFJúlio César
13%
1977/1978DFPietro Anastasi
13%
2007/2008MFAntonio Nocerino
12%
1999/2000 UCST
Darko Kovačević
12%
2006/2007DFFederico Balzaretti
12%
2005/2006DFFederico Balzaretti
12%
1978/1979MFGiuseppe Furino
12%
1979/1980MFGiuseppe Furino
12%
1981/1982MFGiuseppe Furino
12%
1980/1981MFGiuseppe Furino
12%
2015/2016MFHernanes
12%
1977/1978DFJosé Altafini
12%
1990/1991DFLuigi De Agostini
12%
1988/1989DFLuigi De Agostini
12%
1987/1988MFLuigi De Agostini
12%
1991/1992DFLuigi De Agostini
12%
1989/1990DFLuigi De Agostini
12%
1981/1982STPietro Paolo Virdis
12%
1993/1994DFSergio Porrini
12%
1996/1997DFSergio Porrini
12%
1994/1995DFSergio Porrini
12%
2003/2004 UCLMFStephen Appiah
12%
1978/1979MFRomeo Benetti
11%
1979/1980DFAntonello Cuccureddu
10%
1978/1979DFAntonello Cuccureddu
10%
1980/1981DFAntonello Cuccureddu
10%
1980/1981MFCesare Prandelli
10%
1979/1980MFCesare Prandelli
10%
1992/1993MFDavid Platt
10%
2013/2014 ELST
Pablo D. Osvaldo
10%
1985/1986DFLuciano Favero
10%
1988/1989DFLuciano Favero
10%
1986/1987DFLuciano Favero
10%
1984/1985DFLuciano Favero
10%
2004/2005MFManuele Blasi
10%
1991/1992DFMassimo Carrera
10%
1992/1993DFMassimo Carrera
10%
1989/1990MFRui Barros
10%
1988/1989MFRui Barros
10%
1991/1992MFStefan Reuter
10%
1978/1979STFrancesco Morini
9%
1988/1989MFOlexandr Zavarov
9%
1989/1990MFOlexandr Zavarov
9%
1990/1991MFThomas Häßler
9%
1979/1980MFDomenico Marocchino
8%
1981/1982MFDomenico Marocchino
8%
2003/2004 UCLMFEnzo Maresca
8%
1980/1981MFLiam Brady
8%
1981/1982MFLiam Brady
8%
1977/1978MFLuciano Spinosi
8%
1987/1988MFMassimo Mauro
8%
1985/1986MFMassimo Mauro
8%
1986/1987MFMassimo Mauro
8%
1988/1989DFPasquale Bruno
8%
1987/1988DFPasquale Bruno
8%
1979/1980MFPietro Fanna
8%
1980/1981MFPietro Fanna
8%
1988/1989MFRoberto Galia
8%
1989/1990DFRoberto Galia
8%
1991/1992MFRoberto Galia
8%
1977/1978MFSandro Salvadore
8%
1989/1990DFDario Bonetti
7%
1997/1998DFDimas
7%
1996/1997DFDimas
7%
2006/2007MFGiuliano Giannichedda
7%
1987/1988DFRoberto Tricella
7%
1988/1989DFRoberto Tricella
7%
1989/1990DFRoberto Tricella
7%
1993/1994DFAndrea Fortunato
6%
1977/1978MFGianpietro Marchetti
6%
1981/1982STGiuseppe Galderisi
6%
1977/1978STHelmut Haller
6%
1984/1985STMassimo Briaschi
6%
1994/1995DFRobert Jarni
6%
1998/1999DFZoran Mirković
6%
1999/2000 UCDFZoran Mirković
6%
1990/1991MFEugenio Corini
5%
1990/1991DFGianluca Luppi
5%
1985/1986MFLionello Manfredonia
5%
1986/1987MFLionello Manfredonia
5%
1987/1988MFMarino Magrin
5%
1999/2000 UCMF
Sunday Oliseh
4%
1983/1984STDomenico Penzo
4%
1977/1978DFOscar Damiani
4%
1986/1987DFRoberto Soldà
4%
1989/1990MFSergei Aleinikov
4%
1977/1978MFSilvio Longobucco
4%
2018/2019MFEmre Can
3%
1999/2000 UCMF
Jonathan Bachini
2%
1992/1993MFDino Baggio
1%
1993/1994MFDino Baggio
1%

Score Distribution

Percentile by Number Answered

Percent of People with Each Score

Your Score History

You have not taken this quiz